Konsep ta'zir dalam Islam : penekanan khusus kepada pelaksanaannya menurut Enakmen Pentadbiran Hukum Syarak Wilayah Persekutuan 1974 /
Saved in:
| Main Author: | |
|---|---|
| Format: | Thesis |
| Language: | English |
| Published: |
Petaling Jaya
: Universiti Islam Antarabangsa Malaysia,
1986
|
| Subjects: | |
| Tags: |
Add Tag
No Tags, Be the first to tag this record!
|
| LEADER | 013030000a22002770004500 | ||
|---|---|---|---|
| 001 | 61632 | ||
| 005 | 20070608233900.0 | ||
| 008 | 930126s1986 eng | ||
| 035 | |a 232310 | ||
| 035 | |a (Sirsi) 61632 | ||
| 040 | |a UIAM |b eng | ||
| 049 | |b m | ||
| 050 | |a BP158.4H63 | ||
| 100 | 0 | |a Hussin Ahamad | |
| 245 | 1 | 0 | |a Konsep ta'zir dalam Islam : |b penekanan khusus kepada pelaksanaannya menurut Enakmen Pentadbiran Hukum Syarak Wilayah Persekutuan 1974 / |c oleh Hussin bin Ahamad |
| 260 | 1 | |a Petaling Jaya |b : Universiti Islam Antarabangsa Malaysia, |c 1986 | |
| 300 | |a 235 p. | ||
| 502 | |a (D.A.I.J.)--Universiti Islam Antarabangsa Malaysia, 1986 | ||
| 596 | |a 1 | ||
| 650 | 0 | |a Punishment (Islamic law) | |
| 650 | 0 | |a Islamic law |z Wilayah Persekutuan | |
| 900 | |a arr-imj-bal180993-naw | ||
| 999 | |c 430014 |d 461505 | ||
| 952 | |0 0 |6 LU T BP158.4H63H972K 1986 |7 0 |8 THESES |9 749029 |a IIUM |b IIUM |c CLOSEACCES |g 0.00 |o lu t BP158.4H63H972K 1986 |p 00010981813 |r 2017-10-24 |t 1 |v 0.00 |y THESIS | ||
| 952 | |0 0 |6 T BP158.4H63H972K 1986 |7 0 |8 THESES |9 749030 |a IIUM |b IIUM |c MULTIMEDIA |g 0.00 |o t BP158.4H63H972K 1986 |p 00000094555 |r 2017-10-17 |t 2 |v 0.00 |y THESIS | ||
| 952 | |0 0 |6 AIC T BP158.4H63H972K 1986 |7 0 |8 SAHMADIB |9 786763 |a IIUM |b IIUM |c SPECIALSH |g 0.00 |o aic t BP158.4H63H972K 1986 |p 00011062605 |r 2018-11-01 |t 1 |v 0.00 |y BOKSPECL2H | ||
